00361nam a2200181Ia 4500003000900000008004100009040001300050040001300063041000800076100001600084245001900100250001200119260001200131260000900143300001100152300001000163490000600173IT-RoPAU120407s9999 xx 000 0 und d aIT-RoPAU cIT-RoPAU aita aBruno Bisio aPsiche e droga aPerugia aBulzoni c1976 a526 p. c24 cm v1